Guadalajara y su región (Record no. 9821)

MARC details
000 -CABECERA
campo de control de longitud fija 01114nam a2200289 a 4500
001 - NÚMERO DE CONTROL
campo de control BRL_1009
005 - FECHA Y HORA DE LA ÚLTIMA TRANSACCIÓN
campo de control 20190320211007.0
008 - DATOS DE LONGITUD FIJA--INFORMACIÓN GENERAL
campo de control de longitud fija 311013s1973----mx-b######---#000-0#spa-#
041 ## - CÓDIGO DE LENGUA
Código de lengua del texto/banda sonora o título independiente spa
044 ## - CÓDIGO DEL PAÍS DE LA ENTIDAD EDITORA/PRODUCTORA
Código MARC del país mx
050 #4 - SIGNATURA TOPOGRÁFICA DE LA BIBLIOTECA DEL CONGRESO
Número de clasificación HC137
Número de documento/Ítem .R58 1973
100 1# - ENTRADA PRINCIPAL--NOMBRE DE PERSONA
Nombre de persona Rivière d´Arc, Hélène
9 (RLIN) 25559
245 10 - MENCIÓN DE TÍTULO
Título Guadalajara y su región
Resto del título influencias y dificultades de una metropoli mexicana
Mención de responsabilidad, etc. Hélène Rivière d´Arc ; Traducción de: Carlos Montemayor y Josefina Anaya.
260 ## - PUBLICACIÓN, DISTRIBUCIÓN, ETC.
Lugar de publicación, distribución, etc. México
Nombre del editor, distribuidor, etc. Secretaría de Educación Pública
Fecha de publicación, distribución, etc. 1973
300 ## - DESCRIPCIÓN FÍSICA
Extensión 231 p.
Otras características físicas il., mapas
Dimensiones 17 cm.
440 #0 - MENCIÓN DE SERIE/PUNTO DE ACCESO ADICIONAL--TÍTULO
Título Sepsetentas
Designación de volumen o secuencia 106
9 (RLIN) 22717
500 ## - NOTA GENERAL
Nota general Au1105
500 ## - NOTA GENERAL
Nota general Estado físico: Se estan desprendiendo las hojas
500 ## - NOTA GENERAL
Nota general Traducción de: Guadalajara et sa région. Influences et difficultés d´une Metropole Mexicaine.
504 ## - NOTA DE BIBLIOGRAFÍA, ETC.
Nota de bibliografía, etc. Bibliografía: p. 228
651 #4 - PUNTO DE ACCESO ADICIONAL DE MATERIA--NOMBRE GEOGRÁFICO
Nombre geográfico Guadalajara (Jalisco)
Subdivisión general Condiciones sociales
9 (RLIN) 25560
651 #4 - PUNTO DE ACCESO ADICIONAL DE MATERIA--NOMBRE GEOGRÁFICO
Nombre geográfico Guadalajara (Jalisco)
Subdivisión general Condiciones ecionómicas
9 (RLIN) 25561
700 1# - PUNTO DE ACCESO ADICIONAL--NOMBRE DE PERSONA
Nombre de persona Montemayor, Carlos
Término indicativo de función/relación tr.
9 (RLIN) 25562
700 1# - PUNTO DE ACCESO ADICIONAL--NOMBRE DE PERSONA
Nombre de persona Anaya, Josefina
Término indicativo de función/relación tr.
9 (RLIN) 25563
902 ## - CATALOGADOR
Iniciales GRL
942 ## - ELEMENTOS DE PUNTO DE ACCESO ADICIONAL (KOHA)
Fuente del sistema de clasificación o colocación Library of Congress Classification
Tipo de ítem Koha Libros
Holdings
Estado de retiro Estado de pérdida Estado dañado No para préstamo Localización permanente Ubicación/localización actual Fecha de adquisición Número de inventario Total de préstamos Signatura topográfica completa Código de barras Fecha visto por última vez Precio válido a partir de Tipo de ítem Koha
El ejemplar forma parte de la colección y puede ser consultado según las políticas vigentes.       Biblioteca Centro de Estudios Ruth D. Lechuga Biblioteca Centro de Estudios Ruth D. Lechuga 31/10/2013 Au1105   HC137 .R58 1973 (Au1105) GRL01088 22/03/2019 22/03/2019 Libros